[Event "Challenge"]
[Site "http://www.queenalice.com/game.php?id=344788"]
[Date "2008.1.29"]
[Round "-"]
[White "Cristianovisk"]
[Black "davi92"]
[Result "0-1"]
[WhiteElo "1209"]
[BlackElo "1307"]

1. e3 e5 2. Bd3 d6 3. Nc3 Nf6 4. Nf3 e4 5. Bb5+ c6 6. Nd4 cxb5 7. a4 b4 8. Ncb5
Bf5 9. Nxf5 a6 10. Nbd4 Nbd7 11. b3 Rc8 12. Bb2 g6 13. Nh4 d5 14. a5 Nh5 15. g4
Ng7 16. Ra4 Qxh4 17. Rg1 Qxh2 18. Rf1 Nc5 19. Rxb4 Nd3+ 20. cxd3 Bxb4 21. g5
exd3 22. Qg4 Qc7 23. Ne6 Qc2 24. Nxg7+ Kf8 25. f4 Qxd2# 0-1

[Event "Challenge"]
[Site "http://www.queenalice.com/game.php?id=345259"]
[Date "2008.1.30"]
[Round "-"]
[White "daga27"]
[Black "davi92"]
[Result "0-1"]
[WhiteElo "1100"]
[BlackElo "1286"]

1. e4 e5 2. d4 d6 3. d5 Nf6 4. Nc3 b6 5. Bg5 Be7 6. Bd3 Bg4 7. Nf3 Bxf3 8. Qxf3
h6 9. Bxf6 Bxf6 10. O-O-O Nd7 11. Bb5 a6 12. Bxd7+ Qxd7 13. Rhe1 Bg5+ 14. Kb1 b5
15. Ne2 b4 16. Rd3 a5 0-1

[Event "AUTO-OPEN-992"]
[Site "http://www.queenalice.com/game.php?id=345425"]
[Date "2008.1.30"]
[Round "1"]
[White "davi92"]
[Black "patropi"]
[Result "1-0"]
[WhiteElo "1294"]
[BlackElo "1594"]

1. e4 e5 2. d3 c5 3. Nf3 d6 4. Nc3 Nf6 5. b3 Nc6 6. Bb2 Be6 7. Bc1 Qa5 8. Bd2 d5
9. exd5 Nxd5 10. Nxd5 Qd8 11. Nc3 Bf5 12. Bg5 Qa5 13. Bd2 Nb4 14. Nxe5 Bd6 15.
Qe2 Nxc2+ 16. Kd1 Nxa1 17. Nc6+ Be6 18. Nxa5 O-O 19. Nxb7 Bc7 20. Nxc5 Bf5 21.
g4 Rae8 22. Qf3 Bg6 23. Nd7 Rd8 24. Nxf8 Rxd3 25. Bxd3 Bxd3 26. Qxd3 g6 27. Bh6
Bb6 28. Nd5 Bxf2 29. Ne7+ Kh8 30. Qc3+ Bd4 31. Qxd4+ f6 32. Qxf6# 1-0

[Event "AUTO-OPEN-992"]
[Site "http://www.queenalice.com/game.php?id=345426"]
[Date "2008.1.30"]
[Round "1"]
[White "patropi"]
[Black "davi92"]
[Result "1-0"]
[WhiteElo "1579"]
[BlackElo "1309"]

1. e4 e5 2. Nf3 Nc6 3. c4 d6 4. d3 Nf6 5. Be3 b6 6. Nc3 Be6 7. d4 a5 8. d5 Bd7
9. dxc6 Bxc6 10. Bd3 a4 11. Bc2 Qd7 12. O-O Be7 13. Nh4 Ng4 14. Nf5 Nf6 15.
Nxg7+ Kd8 16. b3 Rg8 17. Nf5 Ne8 18. bxa4 Qe6 19. Nh6 Rg7 20. Bb3 Qf6 21. Ng4
Qg6 22. f3 Nf6 23. g3 Bd7 24. Nd5 Nxg4 25. Nxe7 Kxe7 26. Bc1 Nxh2 27. Kh1 Qh5
28. g4 Nxf1+ 29. Kg2 Qh4 30. Kxf1 1-0

[Event "AUTO-OPEN-992"]
[Site "http://www.queenalice.com/game.php?id=345427"]
[Date "2008.1.30"]
[Round "1"]
[White "davi92"]
[Black "jorgemedeiros"]
[Result "0-1"]
[WhiteElo "1295"]
[BlackElo "2083"]

1. e4 c5 2. d3 e6 3. Nc3 Nc6 4. Nf3 Qc7 5. Nb5 Qb8 6. g3 a6 7. Na3 d6 8. b3 Nf6
9. Bb2 Be7 10. Bxf6 Bxf6 11. Rb1 Qc7 12. Qd2 b5 13. Ng5 b4 14. Nc4 Bc3 15. Qxc3
bxc3 16. Bh3 Nd4 17. e5 dxe5 18. Bg2 Rb8 19. a3 Nxc2+ 20. Kd1 Nd4 21. Re1 c2+
0-1

[Event "AUTO-OPEN-992"]
[Site "http://www.queenalice.com/game.php?id=345428"]
[Date "2008.1.30"]
[Round "1"]
[White "jorgemedeiros"]
[Black "davi92"]
[Result "1-0"]
[WhiteElo "2067"]
[BlackElo "1286"]

1. Nf3 e6 2. c4 Nf6 3. Nc3 c5 4. d4 g6 5. d5 Bg7 6. e4 exd5 7. exd5 O-O 8. Be2
d6 9. O-O Nbd7 10. Bf4 Qe7 11. Re1 Ng4 12. Qd2 Nb6 13. Bf1 Qd7 14. Nb5 a6 15.
Nxd6 Na4 16. Rab1 b5 17. cxb5 axb5 18. Bxb5 Nf6 19. Bxd7 1-0

[Event "AUTO-INT-793"]
[Site "http://www.queenalice.com/game.php?id=354051"]
[Date "2008.2.14"]
[Round "1"]
[White "Luiss"]
[Black "davi92"]
[Result "0-1"]
[WhiteElo "1411"]
[BlackElo "1319"]

1. e4 e5 2. Bc4 d6 3. Qf3 Nf6 4. Nh3 Nc6 5. Ng5 Be6 6. Bxe6 fxe6 7. Nxe6 Qd7 8.
Ng5 Nb4 9. Na3 h6 10. Nh3 Qc6 11. c3 Na6 12. O-O Nxe4 13. Qh5+ Kd8 14. Qe2 d5
15. d3 Nf6 16. Nc2 b6 17. Be3 Bd6 18. d4 e4 19. Qxa6 Re8 20. Rac1 Ng4 21. Nb4
Qd7 22. Nxd5 c6 23. Nxb6 axb6 24. Qxa8+ Ke7 25. Qa4 Rf8 26. Qc2 Qf5 27. Qe2 Nxh2
28. g4 Nf3+ 29. Kh1 Qxg4 30. Bg5+ hxg5 31. Nxg5 Qh4+ 32. Kg2 Qh2# 0-1

[Event "AUTO-INT-793"]
[Site "http://www.queenalice.com/game.php?id=354052"]
[Date "2008.2.14"]
[Round "1"]
[White "davi92"]
[Black "Luiss"]
[Result "0-1"]
[WhiteElo "1337"]
[BlackElo "1376"]

1. e4 b6 2. d4 Bb7 3. d5 Nf6 4. Nc3 e6 5. e5 Nxd5 6. Na4 Bb4+ 7. c3 Bf8 8. Nf3
Be7 9. Qd3 O-O 10. Be2 c6 11. c4 Nb4 12. Qd1 N4a6 13. Qc2 c5 14. Bd3 g6 15. Bh6
Nb4 16. Qd2 Re8 17. h4 N8c6 18. h5 Nd4 19. Rb1 Bxf3 20. hxg6 hxg6 21. Bg7 Bg5
22. Qc3 Kxg7 23. gxf3 Rh8 24. Rg1 Nxf3+ 25. Ke2 Nxg1+ 26. Rxg1 Nxa2 27. Qc2 Nb4
28. Qd1 Rh3 29. Be4 Rb8 30. Nc3 a6 31. Bg2 Rd3 32. Qb1 Rd2+ 33. Ke1 Nd3+ 34. Kf1
Rxf2# 0-1

[Event "AUTO-INT-793"]
[Site "http://www.queenalice.com/game.php?id=354069"]
[Date "2008.2.14"]
[Round "1"]
[White "davi92"]
[Black "GustavoSiqueira"]
[Result "0-1"]
[WhiteElo "1355"]
[BlackElo "1367"]

1. e4 e5 2. d4 exd4 3. Qxd4 Nc6 4. Qd1 Qf6 5. Nc3 Bc5 6. Nf3 d6 7. Nb5 Bb6 8.
Bg5 Qxb2 9. Bc1 Qxa1 10. a3 Qf6 11. Be2 a6 12. Bg5 Qe6 13. Nc3 h6 14. Bd2 Nf6
15. Bc4 Qxc4 0-1

[Event "AUTO-INT-793"]
[Site "http://www.queenalice.com/game.php?id=354070"]
[Date "2008.2.14"]
[Round "1"]
[White "GustavoSiqueira"]
[Black "davi92"]
[Result "1-0"]
[WhiteElo "1383"]
[BlackElo "1323"]

1. e4 e5 2. Nf3 d6 3. Nc3 Nc6 4. Bc4 Nd4 5. d3 Nxf3+ 6. Qxf3 Nf6 7. Be3 Bg4 8.
Qg3 Qc8 9. f3 Bh5 10. O-O Bg6 11. Rad1 Nh5 12. Qf2 Be7 13. f4 Bh4 14. Qxh4 Nf6
15. fxe5 dxe5 16. d4 exd4 17. Rxd4 O-O 18. e5 Nh5 19. g4 Nf6 20. exf6 Qe8 21.
Re1 c5 22. Rd5 b6 23. Bh6 Qc6 24. fxg7 Rfe8 25. Bb5 Qc7 26. Bxe8 1-0

[Event "Challenge"]
[Site "http://www.queenalice.com/game.php?id=357590"]
[Date "2008.2.20"]
[Round "-"]
[White "bishopali"]
[Black "davi92"]
[Result "1-0"]
[WhiteElo "1514"]
[BlackElo "1302"]

1. e4 e5 2. c4 d6 3. h3 Nf6 4. Nc3 Nc6 5. Nf3 b6 6. Nd5 Nxd5 7. cxd5 Nb4 8. Qa4+
Bd7 9. Qxb4 Be7 10. g3 a5 11. Qc3 Bf6 12. d3 h6 13. g4 Bc8 14. h4 Bxg4 15. Qc6+
Kf8 16. Nd2 Bd7 17. Qc2 Bxh4 18. Rg1 Qf6 19. Nb3 a4 20. Be3 axb3 21. Qxc7 Be8
22. Qb7 Qd8 23. Bxb6 Rb8 24. Qc7 Rc8 25. Qb7 Rb8 26. Bxd8 Rxb7 27. Bxh4 g5 28.
Bg3 Ra7 29. Ke2 bxa2 30. Bg2 h5 31. Rgc1 h4 32. Bh2 Ba4 33. Rxa2 Ra6 34. Rc8+
Kg7 35. Rc7 Bb5 36. Rxa6 1-0

[Event "AUTO-INT-802"]
[Site "http://www.queenalice.com/game.php?id=358093"]
[Date "2008.2.20"]
[Round "1"]
[White "LuizFernandes"]
[Black "davi92"]
[Result "1-0"]
[WhiteElo "1280"]
[BlackElo "1339"]

1. e4 e5 2. Nf3 f6 3. Nxe5 fxe5 4. Qh5+ g6 5. Qxe5+ Qe7 6. Qxh8 Nf6 7. Nc3 Nc6
8. d3 Nd8 9. Bg5 Qe6 10. Qxf6 Qxf6 11. Bxf6 Ne6 12. Be2 Nf4 13. Bg5 1-0

[Event "AUTO-INT-802"]
[Site "http://www.queenalice.com/game.php?id=358094"]
[Date "2008.2.20"]
[Round "1"]
[White "davi92"]
[Black "LuizFernandes"]
[Result "0-1"]
[WhiteElo "1339"]
[BlackElo "1316"]

1. e4 d5 2. exd5 Qxd5 3. Nf3 Bg4 4. Nc3 Qd8 5. b3 Nc6 6. Bb5 Qd6 7. h3 Bxf3 8.
Qxf3 Nf6 9. Bb2 e6 10. Bd3 Be7 11. Nb5 Qd8 12. Bxf6 Bxf6 13. Rb1 O-O 14. Nc3
Bxc3 0-1

[Event "AUTO-INT-802"]
[Site "http://www.queenalice.com/game.php?id=358109"]
[Date "2008.2.20"]
[Round "1"]
[White "YouLoseSorry"]
[Black "davi92"]
[Result "1-0"]
[WhiteElo "1543"]
[BlackElo "1331"]

1. e4 e5 2. Nf3 d6 3. d4 exd4 4. Qxd4 Nc6 5. Bg5 f6 6. Qd5 fxg5 7. Nxg5 Nh6 8.
Bc4 Ne5 9. f4 c6 10. Qd4 Nxc4 11. Qxc4 Be7 12. Nf3 Be6 13. Qxe6 Qa5+ 14. c3 1-0

[Event "AUTO-INT-802"]
[Site "http://www.queenalice.com/game.php?id=358110"]
[Date "2008.2.20"]
[Round "1"]
[White "davi92"]
[Black "YouLoseSorry"]
[Result "0-1"]
[WhiteElo "1339"]
[BlackElo "1535"]

1. e4 e5 2. c4 Nf6 3. d3 c6 4. Nc3 d5 5. exd5 cxd5 6. Bd2 dxc4 7. dxc4 Bb4 8.
Na4 Bg4 9. f3 Bxd2+ 10. Qxd2 Bd7 11. Nc5 O-O 12. Nxb7 Qb6 13. Na5 Nc6 14. Nb3
Rfd8 15. Qc1 e4 0-1